Responses for Show #4203 - Wednesday, December 4, 2002

Contestants

[<< previous game]

James Pethokoukis, a journalist from Chicago, Illinois

Dorrie Crockett, a freelance writer from West Hollywood, California

Anne Cichocki, a recent law school graduate from Jacksonville, Florida (whose 2-day cash winnings total $46,501)

[next game >>]

Jeopardy! Round responses

NOT YOUR AVERAGE OPERA
WORLD OF TENNIS
(Alex: We want you to give each player's country of birth.)
THAT'S GOTTA HURT
TOLL-FREE NUMBERS
I'M GONNA "B"
WITCH & FAMOUS
    $200 7
Mars

Anne
    $200 1
Sweden

Dorrie
    $200 21
[Dorrie had the first response and was ruled incorrect with the decision reversed later at clue 8 of Double Jeopardy! round when Alex mentioned the judges had talked to two doctors.]

collarbone or shoulder

DorrieJames
    $200 30
race car driving

Dorrie
    $200 8
bats

Anne
    $200 2
Gretel

Anne
    $400 14
The Jerry Springer Show

James
    $400 3
Australia

James
    $400 22
(James: What is to bound?)

cuff

James
Triple Stumper
    $400 29
Department of Education

Anne
    $400 9
Brazil

Dorrie
    $400 10
The Little Mermaid

James
    $600 15
Malcolm X

Anne
    $600 4
Romania

James
    $600 23
(Dorrie: What is breaking a leg?)

breaking a kneecap (kneecapping)

AnneDorrie
    $600 28
vote

Anne
    $600 19
Beat Generation

James
    $600 11
The Wizard of Oz

James
    $800 17
Jackie Kennedy

Dorrie
    $800 5
(James: What is Italy?)
(Dorrie: What is Germany?)

Yugoslavia

AnneDorrieJames
    $800 24
impaling

Anne
    $800 27
beer

Anne
    $800 20
Mary Bono

Dorrie
    $1,000 12
The Witches of Eastwick

James
    $1000 18
Kafka

James
    $1000 6
(Dorrie: What is Italy?)

Argentina

DorrieJames
    $1000 25
(Alex: Less than a minute to go now, Anne.)

airplane spin

Triple Stumper
    $1000 26
spay

Dorrie
    $1000 16
British thermal units

James
    $1000 13
Witch of Endor

Triple Stumper

Scores at the first commercial break (after clue 15):

Anne Dorrie James
$2,000 -$1,200 $3,600

Scores at the end of the Jeopardy! Round:

Anne Dorrie James
$5,200 $1,200 $6,000

Double Jeopardy! Round responses

COUNTIES
MOVIE CROSSWORD CLUES "M"
PLYMOUTH COLONY
& AWAY WE GO
CHEMICAL COMPOUND COMMERCIALS
BEFORE UND AFTER!
    $400 6
Florida

Anne
    $400 1
(James: Man in the Iron Mask. What is Man in the Iron Mask?)

Mask

DorrieJames
    $400 13
Massachusetts Bay

James
    $400 11
Concorde

Anne
    $400 18
(Anne: What is mercury?)

silver

Anne
Triple Stumper
    $800 7
Cook

Anne
    $800 2
Madonna

Dorrie
    $800 14
(Dorrie: Who is John Smith?)

John Alden

Dorrie
Triple Stumper
    $800 12
Aston

Triple Stumper
    $800 19
cheese

Anne
    $800 25
(James: Who is Albert?)

Eddie Albert Speer

James
Triple Stumper
    $3,600 8
Oregon

Anne
    $1200 3
Matt

James
    $1200 15
(Anne: Who is, uh, Powhatan?)

Squanto

AnneJames
    $1200 22
astronaut

James
    $2,000 20
anemia

Anne
    $1200 26
Günter Grass skirt

Dorrie
    $1600 9
Clark County

Anne
    $1600 4
Mississippi

Dorrie
    $1600 16
Peregrine White

Triple Stumper
    $1600 23
(Anne: What is a bicycle?)
(James: What is a tractor?)
...
(Alex: Minute to go, Anne.)

a lawnmower

AnneJames
Triple Stumper
    $1600 21
(Anne: What are goggles?)

matches

Anne
Triple Stumper
    $1600 27
[The end-of-round signal sounds.]

Wilma Rudolph Hess

Anne
    $2000 10
(Anne: What is Minnesota?)

Idaho

Anne
Triple Stumper
    $2000 5
Mothman

Anne
    $2000 17
(William) Bradford

James
    $2000 24
Kon-Tiki

Dorrie

Scores at the end of the Double Jeopardy! Round:

Anne Dorrie James
$11,600 $6,400 $9,200

[wagering suggestions for these scores]

Final Jeopardy! Round responses

THE WHITE HOUSE
(Alex: [To James] Former press secretary to President Reagan, who was injured on the assassination attempt.)
DorrieWho was LBJ Bush
$5,500
JamesWho is Brady
$3,600
AnneWho is ?
$6,801
James Brady

Final scores:

Anne Dorrie James
$4,799 $900 $12,800
2nd place: $2,000 3rd place: $1,000 New champion: $12,800

Game dynamics:

Coryat scores:

Anne Dorrie James
$8,400 $6,400 $9,000
19 R
(including 2 DDs),
5 W
12 R,
4 W
16 R
(including 1 DD),
5 W

Combined Coryat: $23,800

[game clues] [game scores] [suggest correction]

Game tape date: 2002-08-27
The J! Archive is created by fans, for fans. Scraping, republication, monetization, and malicious use prohibited; this site may use cookies and collect identifying information. See terms. The Jeopardy! game show and all elements thereof, including but not limited to copyright and trademark thereto, are the property of Jeopardy Productions, Inc. and are protected under law. This website is not affiliated with, sponsored by, or operated by Jeopardy Productions, Inc. Join the discussion at JBoard.tv.